Statistics for Most Powerful Nations in 1939

Click here to take the quiz!

General Stats

  • This quiz has been taken 283 times
  • The average score is 21 of 25

Answer Stats

HintAnswer% Correct
1Germany
100%
3United Kingdom
100%
5United States
99%
8Italy
98%
4Japan
98%
2Soviet Union
98%
6France
97%
11China
96%
13Spain
93%
10Canada
92%
25Brazil
88%
9Poland
87%
14Australia
84%
16Sweden
83%
12Turkey
83%
20Greece
80%
18Norway
80%
7Finland
79%
17Romania
79%
24Denmark
73%
23Bulgaria
71%
19Hungary
69%
22Persia
69%
21Switzerland
63%
15Austria
52%

Score Distribution

Percentile by Number Answered

Percent of People with Each Score

Your Score History

You have not taken this quiz